=LDR 00000nam 2200000 4500 =001 INLIS000000000032127 =005 20130612134142 =008 ***********************************ind** =035 ##$$0010-061300000032127 =041 ##$$a ind =082 ##$$a 423.1 =090 ##$$a R 423.1, Har, k =100 ##$$a Haryono, Rudi =245 ##$$a Kamus Lengkap 1 Milyard , Inggris-Indonesia,Indonesia-Inggris Untuk Pelajar Mahasiswa dan umum , Rudi Haryono =260 ##$$a [20...?] $b Jakarta =300 ##$$a 640 hlm. , 24 cm =650 ##$$a Bahasa Inggris - Indinesia - Kamus =850 ##$$a NBPNMAT